Sumbangan sarjana dalam tamadun Islam

Main Author: Ghazali Darusalam (Author)
Language:Aymara
Published: Kuala Lumpur: Utusan Pub., 2001
Subjects:
LEADER 00989cam a2200289 7i4500
001 0000024466
005 20250511090000.0
008 250511t20012001my # ### #00001maym#
020 # # |a 9676112038  
020 # # |a 9789676112033  
040 # # |a UMT   |b eng   |c UMT   |e rda 
090 0 0 |a DS 36.85   |b .G4 2001 
100 0 # |a Ghazali Darusalam   |e author  
245 1 0 |a Sumbangan sarjana dalam tamadun Islam   |c Ghazali Darusalam. 
264 # 1 |a Kuala Lumpur:   |b Utusan Pub.,   |c 2001 
264 # 4 |c ♭2001 
300 # # |a x, 367 pages:   |b illustrations maps;   |c 22 cm 
336 # # |a text --   |2 rdacontent 
337 # # |a unmediated --   |2 rdamedia 
338 # # |a volume --   |2 rdacarrier 
504 # # |a Includes bibliographies 
590 # # |a Pusat Pendidikan Asas dan Liberal 
650 0 0 |a Civilisation --   |x Islamic  
650 0 0 |a Scholars, Muslim  
999 |a 1100019033  |b Book  |c Open Shelf  |e KOLEKSI TERBUKA 
999 |a 1100009169  |b Book  |c Open Shelf  |e KOLEKSI TERBUKA 
999 |a 1100078215  |b Book  |c Open Shelf  |e KOLEKSI TERBUKA